مشكاة المصابيح / (رقم التسجيلة. 27350)
[ عرض عادي ]
| 000 -LEADER | |
|---|---|
| fixed length control field | 00583nam a22001817a 4500 |
| 005 - DATE AND TIME OF LATEST TRANSACTION | |
| control field | 20251108165419.0 |
| 008 - FIXED-LENGTH DATA ELEMENTS--GENERAL INFORMATION | |
| fixed length control field | 250721s1979 xx 000 0 ara d |
| 082 14 - DEWEY DECIMAL CLASSIFICATION NUMBER | |
| Classification number | م/213.4/تبر |
| 100 1# - MAIN ENTRY--PERSONAL NAME | |
| Personal name | التبريزي، أبو عبد الله محمد بن عبد الله الخطيب |
| 245 10 - TITLE STATEMENT | |
| Title | مشكاة المصابيح / |
| 250 ## - EDITION STATEMENT | |
| Edition statement | ط2 |
| 264 1# - PRODUCTION, PUBLICATION, DISTRIBUTION, MANUFACTURE, AND COPYRIGHT NOTICE | |
| Place of production, publication, distribution, manufacture | بيروت : |
| Name of producer, publisher, distributor, manufacturer | المكتب اللإسلامي، |
| Date of production, publication, distribution, manufacture, or copyright notice | 1979. |
| 300 ## - PHYSICAL DESCRIPTION | |
| Extent | 3 ج |
| 650 17 - SUBJECT ADDED ENTRY--TOPICAL TERM | |
| Topical term or geographic name as entry element | الإسلام |
| 700 1# - ADDED ENTRY--PERSONAL NAME | |
| Personal name | الألباني، محمد ناصر الدين |
| Relator term | تحقيق |
| 942 ## - ADDED ENTRY ELEMENTS (KOHA) | |
| Source of classification or shelving scheme | Dewey Decimal Classification |
| Koha item type | مراجع |
| حالة السحب | حالة الفقدان | مصدر التصنيف | حالة التلف | غير قابل للإعارة | المكتبة الرئيسية | المكتبة الحالية | موقع الرف | تاريخ التزويد | الرقم المتسلسل | Total Checkouts | رقم الإستدعاء | الباركود | تاريخ آخر ظهور | تاريخ الفاتورة | نوع المادة (كوها) |
|---|---|---|---|---|---|---|---|---|---|---|---|---|---|---|---|
| Dewey Decimal Classification | Not For Loan | المكتبة المركزية | المكتبة المركزية | مراجع | 06/07/2004 | 61981 | م/213.4/تبر | DUP-01_61981 | 28/07/2025 | 06/07/2004 | مراجع | ||||
| Dewey Decimal Classification | Not For Loan | المكتبة المركزية | المكتبة المركزية | مراجع | 06/07/2004 | 61982 | م/213.4/تبر | 61982 | 28/07/2025 | 06/07/2004 | مراجع | ||||
| Dewey Decimal Classification | Not For Loan | المكتبة المركزية | المكتبة المركزية | مراجع | 06/07/2004 | 61983 | م/213.4/تبر | DUP-01_61983 | 28/07/2025 | 06/07/2004 | مراجع | ||||
| Dewey Decimal Classification | Not For Loan | مكتبة أم قصير والمقابلين العامة | مكتبة أم قصير والمقابلين العامة | مراجع | 23/11/2014 | [ 2755 ] | م/213.4/تبر | PLD00363783 | 28/07/2025 | 23/11/2014 | مراجع | ||||
| Dewey Decimal Classification | Not For Loan | مكتبة أم قصير والمقابلين العامة | مكتبة أم قصير والمقابلين العامة | مراجع | 23/11/2014 | [ 2753 ] | م/213.4/تبر | PLD00363784 | 28/07/2025 | 23/11/2014 | مراجع | ||||
| Dewey Decimal Classification | Not For Loan | مكتبة أم قصير والمقابلين العامة | مكتبة أم قصير والمقابلين العامة | مراجع | 23/11/2014 | [ 2754 ] | م/213.4/تبر | PLD00363785 | 28/07/2025 | 23/11/2014 | مراجع |